| 000 | 00439nam a2200145Ia 4500 | ||
|---|---|---|---|
| 008 | 231129s2007||||xx |||||||||||||| ||spa|| | ||
| 020 | _a978-958-44-0890-7 | ||
| 040 | _bspa | ||
| 082 | _a923.5 V152a | ||
| 100 | _aArriaga Copete Libardo | ||
| 245 | 0 | _aManuel Saturio Valencia: un apóstol de la igualdad perseguido por la fatalidad | |
| 260 | _c2007 | ||
| 264 | _aL. Arriaga Copete | ||
| 942 |
_2ddc _cBKS |
||
| 999 |
_c20578 _d20578 |
||